[Event "Kaupthing op-B 1st"]
[Site "Differdange"]
[Date "2007.07.11"]
[Round "6"]
[White "Meisch, Jean Paul"]
[Black "Korman, Jewgenija"]
[Result "0-1"]
[WhiteElo "1456"]
[BlackElo "1661"]
[PlyCount "75"]
[EventDate "2007.07.08"]
[EventType "swiss"]
[EventRounds "9"]
[EventCountry "LUX"]
[SourceTitle "EXT 2008"]
[Source "ChessBase"]
[SourceDate "2007.11.25"]
[SourceVersion "1"]
[SourceVersionDate "2007.11.25"]
[SourceQuality "1"]

1. e4 c6 2. Nf3 d5 3. exd5 cxd5 4. d4 Bg4 5. Be2 e6 6. 0-0 Nf6 7. Ne5 Bxe2 8. Qxe2 Qb6 9. c3 Be7 10. Nd2 Nc6 11. Ng4 Bd6 12. Qf3 Nxg4 13. Qxg4 g6 14. Nb3 0-0-0 15. Bf4 Be7 16. Rfb1 h5 17. Qf3 Rdf8 18. Qe3 Qd8 19. f3 h4 20. h3 g5 21. Bh2 Rfg8 22. Kh1 Rg6 23. Re1 Bd6 24. Bxd6 Qxd6 25. Qg1 Rhg8 26. Qh2 Qd8 27. Qg1 Ne7 28. Nc1 f5 29. Re5 g4 30. fxg4 fxg4 31. Qf2 Nf5 32. Ne2 gxh3 33. gxh3 Ng3+ 34. Nxg3 hxg3 35. Qg2 Rh8 36. Rf1 Qh4 37. Kg1 Qxh3 38. Re2 0-1